000 00591nam a22001937a 4500
003 KOHA_MİRAKIL
005 20250926163025.0
008 250926b tu ||||| |||| 00| 0 tur d
020 _a9786254291081
040 _aTR-AnABB
_btur
_cTR-AnABB
041 _atur
082 _a828.3352
_bLON 2023
100 1 _aLondon, Jack,
245 1 0 _aİyi köpekler kötü köpekler ve kuzey toprakları /
_cJack London
260 _aİstanbul :
_bTürkiye İş Bankası Kültür Yayınları,
_c2023
300 _a72 sayfa ;
_c21 cm
650 0 4 _aAmerikan edebiyatı, roman
942 _2ddc
_cBK
999 _c8935
_d8935
900 _bGizem YORULMAZ